00685nam a2200205 a 4500008004100000020001900041040002500060041000800085044001100093080001200104100003300116245008400149250001200233260006200245300001800307700003300325958000800358999001700366952009600383951031s1994||||xo 0 slo c a8090050395c19 aSNKbslocSNKeAACR21 aslo axocSK a885.4-31 aDvořáková, Helena4aut10aKankán nad KremľomcHelena Dvořáková ; Ilustr. Helena Dvořáková a1. vyd. a[Bratislava]bPEREXc1994eLiptovský MikulášfTeLeM a128 s.c20 cm1 aDvořáková, Helena4ill aAUC c10253d10253 001040708Ka10000b10000d2019-11-29g19.00i09646oB 3827r2019-11-29w2019-11-29yKLDO